Largest Cities in the Sahara Desert🌵🏜️☀️ - Statistics

General Stats
  • This quiz has been taken 71 times
  • The average score is 5 of 14
Answer Stats
Hint Answer % Correct
Egypt Cairo
94%
Sudan Khartoum
87%
Mauritania Nouakchott
76%
Egypt Luxor
69%
Egypt Aswan
42%
Western Sahara Laayoune
42%
Sudan Omdurman
37%
Algeria Tamanrasset
24%
Niger Agadez
23%
Algeria Tindouf
11%
Algeria Reggane
3%
Chad Faya
2%
Libya Ghat
2%
Mali Timbukto
2%
No matching quizzes found
Score Distribution
Percent of People with Each Score
Percentile by Number Answered
Your Score History
You have not taken this quiz